[Event "Women's Speed Chess Q4"]
[Site "chess.com INT"]
[Date "2020.06.21"]
[Round "5"]
[White "Gevorgyan, Maria"]
[Black "Hng, Mei-En Emmanuelle"]
[Result "1-0"]
[WhiteTitle "WGM"]
[BlackTitle "WFM"]
[WhiteElo "2228"]
[BlackElo "2029"]
[WhiteFideId "13300270"]
[BlackFideId "5804566"]
[EventDate "2020.06.21"]

1. e4 g6 2. d4 Bg7 3. Nc3 d6 4. f4 Nf6 5. Nf3 O-O 6. Bd3 c5 7. d5 e6 8. dxe6
Bxe6 9. O-O Nc6 10. Ng5 Bg4 11. Be2 Bxe2 12. Qxe2 Nd4 13. Qd3 h6 14. Nf3 Re8 15.
Be3 Nc6 16. Rad1 Qb6 17. a3 Rad8 18. Kh1 a6 19. Bc1 Qc7 20. Rde1 b5 21. f5 b4
22. Nd5 Nxd5 23. Qxd5 Ne7 24. Qc4 gxf5 25. exf5 d5 26. Qg4 Kh7 27. Ng5+ hxg5 28.
f6 Ng6 29. fxg7 Kxg7 30. Qxg5 Rh8 31. Qf6+ Kg8 32. h3 Rf8 33. Rf5 Qg3 34. Re3
Qh4 35. Rg5 Rh6 36. Reg3 Kh7 37. Qd6 Re8 38. Bd2 Qf4 39. Qxf4 Nxf4 40. Bxf4 Re1+
41. Kh2 Rg6 42. Rh5+ Kg8 43. Rxg6+ fxg6 44. Rxd5 bxa3 45. bxa3 Rf1 46. Bd6 c4
47. Bc5 Rc1 48. Bb4 Rxc2 49. Rc5 Kf7 50. Rc6 1-0

[Event "Women's Speed Chess Q4"]
[Site "chess.com INT"]
[Date "2020.06.21"]
[Round "5"]
[White "Mammadova, Gulnar"]
[Black "Balabayeva, Xeniya"]
[Result "1/2-1/2"]
[WhiteTitle "IM"]
[BlackTitle "WFM"]
[WhiteElo "2382"]
[BlackElo "2146"]
[WhiteFideId "13403508"]
[BlackFideId "13719688"]
[EventDate "2020.06.21"]

1. e4 e6 2. Qe2 c5 3. g3 Nc6 4. c3 g6 5. Bg2 Bg7 6. f4 Nge7 7. Nf3 d6 8. O-O Qc7
9. d3 O-O 10. Na3 a6 11. Nc2 Bd7 12. Be3 f5 13. Bf2 Rae8 14. d4 cxd4 15. cxd4
fxe4 16. Qxe4 Nd5 17. Rac1 Qb6 18. b3 Ncb4 19. Nxb4 Qxb4 20. Rc4 Qb6 21. Rfc1
Bc6 22. Qe1 Nf6 23. Qd1 Qd8 24. Ng5 Bxg2 25. Kxg2 Nd5 26. Nf3 Qd7 27. Qc2 Rd8
28. Qd2 Rc8 29. a4 b5 30. axb5 axb5 31. Rxc8 Rxc8 32. Rxc8+ Qxc8 33. Qe2 Qd7 34.
Ng5 Nc7 35. h4 h6 36. Nf3 Qc6 37. Kh2 Kf7 38. h5 gxh5 39. Nd2 Qd5 40. Ne4 b4 41.
Qc2 Nb5 42. Nd2 Nc3 43. Qd3 Kg8 44. Qg6 Kf8 45. Nc4 Qf3 46. Bg1 Qe2+ 47. Kh3
Qf1+ 48. Kh2 Qe2+ 49. Kh3 Qf1+ 50. Kh2 Qe2+ 1/2-1/2

[Event "Women's Speed Chess Q4"]
[Site "chess.com INT"]
[Date "2020.06.21"]
[Round "5"]
[White "Chen, Yining"]
[Black "De Seroux, Camille"]
[Result "1-0"]
[WhiteTitle "WCM"]
[BlackTitle "WIM"]
[WhiteElo "1745"]
[BlackElo "2137"]
[WhiteFideId "8620946"]
[BlackFideId "1305620"]
[EventDate "2020.06.21"]

1. d4 Nf6 2. c4 c5 3. d5 b5 4. cxb5 a6 5. b6 e6 6. Nc3 Nxd5 7. Nxd5 exd5 8. Qxd5
Nc6 9. e4 Be7 10. Bc4 O-O 11. Nf3 Qxb6 12. O-O Bb7 13. Qd2 d6 14. b3 Bf6 15. Bb2
Bxb2 16. Qxb2 Na5 17. Bd5 Bxd5 18. exd5 Rfe8 19. Qd2 Rab8 20. Rfe1 h6 21. Rac1
Nb7 22. g3 a5 23. Qd3 Qb4 24. Kg2 a4 25. Rc4 Qb6 26. Rxe8+ Rxe8 27. Rxa4 c4 28.
Rxc4 Nc5 29. Qd2 Ne4 30. Qd4 Qa5 31. Rc2 f5 32. b4 Qd8 33. Nd2 Qg5 34. Nf3 Qd8
35. a4 g5 36. Nd2 g4 37. Nxe4 Rxe4 38. Qd3 Qg5 39. Rc4 Rxc4 40. Qxc4 Qh5 41.
Qc8+ Kg7 42. Qd7+ Kg8 43. Qd8+ Kg7 44. Qc7+ Kg8 45. Qc8+ Kg7 46. Qc3+ Kg8 47. h4
gxh3+ 48. Kh2 f4 49. Qc8+ Kg7 50. Qd7+ Kg8 51. Qe6+ Kg7 52. Qxh3 Qe2 53. Qd7+
Kg8 54. Qe6+ Qxe6 55. dxe6 fxg3+ 56. Kxg3 d5 57. b5 d4 58. b6 d3 59. Kf3 1-0

[Event "Women's Speed Chess Q4"]
[Site "chess.com INT"]
[Date "2020.06.21"]
[Round "5"]
[White "Tarini, Goyal"]
[Black "Kovanova, Baira"]
[Result "0-1"]
[WhiteTitle "WFM"]
[BlackTitle "WGM"]
[WhiteElo "2164"]
[BlackElo "2343"]
[WhiteFideId "5082749"]
[BlackFideId "4164083"]
[EventDate "2020.06.21"]

1. d4 Nf6 2. c4 e6 3. g3 c5 4. d5 exd5 5. cxd5 d6 6. Bg2 g6 7. Nc3 Bg7 8. Nf3
O-O 9. O-O a6 10. a4 Re8 11. Re1 Nbd7 12. Qc2 Qe7 13. e4 h6 14. h3 Rb8 15. a5 b5
16. axb6 Rxb6 17. Bf4 Nh5 18. Bd2 Ne5 19. Nxe5 Qxe5 20. Na4 Rb8 21. Bc3 Qe7 22.
Bxg7 Kxg7 23. e5 Bf5 24. Qc3 dxe5 25. g4 Nf4 26. gxf5 Qg5 27. Qg3 Qxf5 28. Nxc5
Rxb2 29. Qg4 Qc2 30. Ne4 f5 31. Qg3 fxe4 32. Rxa6 Rf8 33. Kh2 Qxf2 34. Qxf2 Rxf2
35. Rg1 Nxd5 36. Kg3 Re2 37. Re6 Nf4 38. Rxe5 Re3+ 39. Kh2 Nxg2 40. Rxg2 Rff3
41. h4 Rh3+ 42. Kg1 Rxh4 43. Kf2 Rf3+ 44. Ke2 Ra3 45. Re7+ Kf6 46. Re8 Ra2+ 47.
Kf1 Rh1+ 48. Rg1 Ra1+ 49. Kf2 Rhxg1 50. Ke3 Rae1+ 51. Kf4 g5# 0-1

[Event "Women's Speed Chess Q4"]
[Site "chess.com INT"]
[Date "2020.06.21"]
[Round "5"]
[White "Hoang, Thi Bao Tram"]
[Black "Cyfka, Karina"]
[Result "1/2-1/2"]
[WhiteTitle "WGM"]
[BlackTitle "IM"]
[WhiteElo "2288"]
[BlackElo "2411"]
[WhiteFideId "12401102"]
[BlackFideId "1122681"]
[EventDate "2020.06.21"]

1. d4 Nf6 2. c3 d5 3. Nf3 g6 4. Bf4 Bg7 5. e3 Nh5 6. Bg3 Nxg3 7. hxg3 Bf5 8. Bd3
Bxd3 9. Qxd3 Qd7 10. Nbd2 Nc6 11. Nb3 b6 12. Rd1 a5 13. Nbd2 Rd8 14. O-O O-O 15.
Rfe1 f5 16. Qb5 e6 17. c4 Nb4 18. Ng5 Qe7 19. a3 Nc2 20. Rf1 Qxg5 21. Nf3 Qh6
22. Qb3 Nxe3 23. fxe3 dxc4 24. Qc3 b5 25. Rfe1 a4 26. Qb4 Rd5 27. Qe7 Rd6 28.
Qxc7 Rfd8 29. Qc5 g5 30. Qxb5 g4 31. Ne5 Bxe5 32. Qxe5 Qg7 33. Qc5 Qb7 34. Qxc4
Qxb2 35. Qxa4 Qb8 36. Qb4 Rb6 37. Qc5 Rd5 38. Qc2 Qxg3 39. Qc8+ Kg7 40. Rc1 Qb8
41. Rc7+ Kh6 42. Kf2 Qxc8 43. Rh1+ Kg6 44. Rxc8 Rb2+ 45. Kg3 Rb3 46. Kf4 Rxa3
47. Rc7 h5 48. Re7 Kf6 49. Rh7 Kg6 50. R1xh5 e5+ 51. dxe5 Ra4+ 52. Kg3 Rxe5 53.
R5h6+ Kg5 54. Rh5+ Kg6 55. R5h6+ Kg5 56. Rh5+ Kg6 1/2-1/2

[Event "Women's Speed Chess Q4"]
[Site "chess.com INT"]
[Date "2020.06.21"]
[Round "5"]
[White "Kucharska, Honorata"]
[Black "Fuentes Inzunza, Lesly"]
[Result "1/2-1/2"]
[WhiteTitle "WFM"]
[BlackTitle "WFM"]
[WhiteElo "2113"]
[BlackElo "1840"]
[WhiteFideId "1163868"]
[BlackFideId "3408205"]
[EventDate "2020.06.21"]

1. e4 c6 2. d4 d5 3. exd5 cxd5 4. Bd3 Nc6 5. c3 Qc7 6. Ne2 Bg4 7. f3 Bh5 8. O-O
Nf6 9. Bf4 Qb6 10. Qd2 e6 11. Kh1 Be7 12. Ng3 Bg6 13. Be5 O-O 14. Bxg6 hxg6 15.
b3 Nxe5 16. dxe5 Nd7 17. f4 Rfd8 18. Qe2 Rac8 19. b4 d4 20. c4 Bxb4 21. a3 Be7
22. Nd2 Nc5 23. Rfb1 Qc6 24. Rd1 d3 25. Qe3 Na4 26. Nge4 Nb2 27. Rdc1 b6 28. Rc3
Bc5 29. Nxc5 Qxc5 30. Qf3 Qd4 31. Rac1 Na4 32. Rb3 Nc5 33. Rbc3 Rc7 34. h3 Rcd7
35. Kh2 f6 36. exf6 gxf6 37. Qg4 Kf7 38. Nf3 Qe4 39. Qh4 Kg7 40. Re1 Qf5 41. Nd2
Rh8 42. Qg3 Rd4 43. Rf1 Ne4 44. Nxe4 Qxe4 45. Rcc1 d2 46. Rcd1 Qe2 47. f5 exf5
48. Qc7+ Kh6 49. Qf7 Qxf1 50. Rxf1 d1=Q 51. Rxd1 Rxd1 52. Qxf6 Rhd8 53. Qh4+ Kg7
54. Qe7+ Kh6 55. Qh4+ Kg7 56. Qe7+ Kh6 57. Qh4+ 1/2-1/2

[Event "Women's Speed Chess Q4"]
[Site "chess.com INT"]
[Date "2020.06.21"]
[Round "5"]
[White "Mohota, Nisha"]
[Black "Smietanska, Wiktoria"]
[Result "1-0"]
[WhiteTitle "IM"]
[BlackTitle "CM"]
[WhiteElo "2195"]
[BlackElo "1593"]
[WhiteFideId "5004330"]
[BlackFideId "21869359"]
[EventDate "2020.06.21"]

1. d4 Nf6 2. c4 g6 3. Nc3 Bg7 4. e4 d6 5. Bd3 O-O 6. Nge2 e5 7. O-O Nc6 8. d5
Ne7 9. a3 a5 10. Rb1 Nd7 11. b4 axb4 12. axb4 f5 13. exf5 gxf5 14. f4 e4 15. Bc2
Qe8 16. Be3 Qg6 17. c5 Kh8 18. Bd4 Rg8 19. Ng3 Bxd4+ 20. Qxd4+ Nf6 21. Rf2 Rg7
22. Bd1 h5 23. Nf1 Ng4 24. Bxg4 Qxg4 25. Nb5 dxc5 26. bxc5 c6 27. Nc7 Ra3 28.
Ne8 Nxd5 29. Qxg7+ Qxg7 30. Nxg7 Kxg7 31. g3 Rc3 32. Ra2 Rxc5 33. Ra8 Ne7 34.
Rd1 Rd5 35. Rxd5 cxd5 36. Ne3 d4 37. Rxc8 Nxc8 38. Nxf5+ Kf6 39. Nxd4 Nd6 40.
Kf2 b5 41. Ke3 Kg6 42. Kd2 Kf6 43. Kc3 Ke7 44. Ne2 Kd7 45. Nd4 Kc7 46. f5 Kd7
47. Kb4 Ke7 48. Kc5 1-0

[Event "Women's Speed Chess Q4"]
[Site "chess.com INT"]
[Date "2020.06.21"]
[Round "5"]
[White "Ouellet, Maili-Jade"]
[Black "Karnaukhova, Elmira"]
[Result "0-1"]
[WhiteTitle "WGM"]
[BlackTitle "WGM"]
[WhiteElo "2257"]
[BlackElo "2319"]
[WhiteFideId "2620472"]
[BlackFideId "4148827"]
[EventDate "2020.06.21"]

1. d4 Nf6 2. c4 c5 3. d5 b5 4. cxb5 a6 5. bxa6 g6 6. Nc3 Bxa6 7. e4 Bxf1 8. Kxf1
d6 9. g3 Bg7 10. Nge2 O-O 11. Kg2 Qa5 12. h3 Nfd7 13. Rb1 Na6 14. Bd2 Rfb8 15.
b3 Nb4 16. Na4 Qa6 17. a3 Nd3 18. Bc3 c4 19. Bxg7 Kxg7 20. Nd4 cxb3 21. Nc6 Qxa4
22. Qxd3 Re8 23. Rxb3 Nc5 24. Qc3+ f6 25. Rb4 Qxa3 26. Qxa3 Rxa3 27. Rhb1 Ra2
28. Kf3 Kf7 29. Rb8 Ra3+ 30. Kg2 Rxb8 31. Rxb8 Ra4 32. f3 Ra2+ 33. Kg1 Ra3 34.
Rh8 Kg7 35. Re8 Rxf3 36. Rxe7+ Kh6 37. Kg2 Re3 38. Nd8 Rxe4 39. Nf7+ Kh5 40. Rc7
Rc4 41. Nxd6 Rc2+ 42. Kf3 Rc3+ 43. Kf2 Ne4+ 44. Nxe4 Rxc7 45. Nxf6+ Kh6 46. d6
Rf7 47. Ke3 Rxf6 48. d7 Rd6 0-1

[Event "Women's Speed Chess Q4"]
[Site "chess.com INT"]
[Date "2020.06.21"]
[Round "5"]
[White "Assaubayeva, Bibisara"]
[Black "Vantika, Agrawal"]
[Result "1-0"]
[WhiteTitle "FM"]
[BlackTitle "WIM"]
[WhiteElo "2364"]
[BlackElo "2286"]
[WhiteFideId "13708694"]
[BlackFideId "25050389"]
[EventDate "2020.06.21"]

1. d4 Nf6 2. c4 g6 3. Nc3 Bg7 4. e4 d6 5. Be2 O-O 6. Be3 Nbd7 7. Nf3 e5 8. d5
Ng4 9. Bg5 f6 10. Bd2 f5 11. Ng5 Nc5 12. b4 fxe4 13. Ncxe4 Nxe4 14. Nxe4 Nf6 15.
Nxf6+ Qxf6 16. O-O e4 17. Rb1 Bf5 18. Rb3 Qe7 19. Be3 Be5 20. Bd4 Rf7 21. Bxe5
Qxe5 22. Re3 Raf8 23. Qd2 Bd7 24. Bd1 Rf4 25. g3 Qg5 26. Rxe4 R4f5 27. Qxg5 Rxg5
28. f4 Rgf5 29. Bg4 R5f7 30. Bxd7 Rxd7 31. Rfe1 Rff7 32. Re8+ Kg7 33. Ra8 a6 34.
Rb8 c6 35. Re6 cxd5 36. cxd5 Rf5 37. Ree8 Rxd5 38. Red8 Rxd8 39. Rxd8 Rd4 40. a3
b5 41. Kf2 h5 42. Ke3 Rd1 43. Ra8 Rh1 44. Rxa6 Rxh2 45. Rxd6 Ra2 46. Rd3 Kh6 47.
Kd4 h4 48. gxh4 Kh5 49. Kc5 Kxh4 50. Kxb5 Kg4 51. Rd6 Kf5 52. a4 Rf2 53. a5 Rxf4
54. a6 Rf1 55. a7 Ra1 56. Ra6 Rxa6 57. Kxa6 1-0

[Event "Women's Speed Chess Q4"]
[Site "chess.com INT"]
[Date "2020.06.21"]
[Round "5"]
[White "Zakirova, Aisha"]
[Black "Bartel, Marta"]
[Result "0-1"]
[WhiteTitle "WCM"]
[BlackTitle "WGM"]
[WhiteElo "1585"]
[BlackElo "2192"]
[WhiteFideId "13719734"]
[BlackFideId "1123009"]
[EventDate "2020.06.21"]

1. d4 Nf6 2. c4 g6 3. Nc3 d5 4. e3 Bg7 5. Qb3 c6 6. Nf3 O-O 7. cxd5 cxd5 8. Bd3
Nc6 9. O-O Rb8 10. a3 Bf5 11. Bxf5 gxf5 12. Ne5 e6 13. Nxc6 bxc6 14. Qa4 Qb6 15.
b4 h5 16. Bd2 h4 17. h3 Kh7 18. Rac1 Rbc8 19. b5 Rg8 20. Rb1 Ne4 21. Nxe4 fxe4
22. bxc6 Qxc6 23. Qxc6 Rxc6 24. Rb7 Kg6 25. Rxa7 Rc2 26. Bb4 Rgc8 27. Bc5 Rb8
28. Bb4 Rbc8 29. a4 Ra2 30. Bc5 Rb8 31. a5 Rbb2 32. a6 Bh6 33. Rb7 Rxb7 34. axb7
Rb2 35. Be7 Bg5 36. Bxg5 Kxg5 37. f3 exf3 38. Rxf3 f5 39. Kh2 Rxb7 40. Rf4 Rb3
41. Rf3 Rb2 42. Rf4 Re2 43. Rf3 Re1 44. g3 Re2+ 45. Kg1 hxg3 46. Rxg3+ Kh4 47.
Rf3 Ra2 48. Kf1 Rb2 49. Kg1 Ra2 50. Kf1 Rh2 51. Kg1 Rxh3 52. Kg2 Rxf3 53. Kxf3
Kg5 54. Kg3 Kg6 55. Kf3 Kf6 56. Kf4 Kf7 57. Ke5 Ke7 58. Kf4 Kf6 59. Kf3 e5 60.
dxe5+ Kxe5 61. Ke2 Ke4 62. Kf2 f4 63. exf4 Kxf4 64. Ke2 Ke4 65. Kd2 Kd4 66. Kd1
Kd3 67. Kc1 Ke2 68. Kc2 d4 69. Kc1 d3 70. Kb2 d2 0-1

[Event "Women's Speed Chess Q4"]
[Site "chess.com INT"]
[Date "2020.06.21"]
[Round "5"]
[White "Havanecz, Bianka"]
[Black "Schut, Lisa"]
[Result "1-0"]
[WhiteTitle "WIM"]
[BlackTitle "WIM"]
[WhiteElo "2251"]
[BlackElo "2259"]
[WhiteFideId "704814"]
[BlackFideId "1019481"]
[EventDate "2020.06.21"]

1. d4 Nf6 2. Nf3 g6 3. c4 Bg7 4. Nc3 d5 5. Bf4 O-O 6. Rc1 c6 7. e3 Qb6 8. Qb3
Qxb3 9. axb3 Na6 10. Be2 Bf5 11. O-O Nb4 12. h3 Nd3 13. Bxd3 Bxd3 14. Rfd1 Bf5
15. cxd5 cxd5 16. Nb5 a6 17. Nc3 b5 18. Na2 Rfc8 19. Bc7 Ne8 20. Ba5 Bc2 21. Re1
Bxb3 22. Nb4 Nd6 23. Nd2 Bc4 24. b3 Nb7 25. bxc4 Nxa5 26. cxb5 axb5 27. Nxd5
Rxc1 28. Rxc1 e6 29. Nb6 Rb8 30. Nd7 Rd8 31. Nc5 Bf8 32. Nde4 Nc4 33. Rb1 Na3
34. Rb3 Ra8 35. g4 f5 36. Nc3 e5 37. Nxb5 Nc4 38. Nd7 Nd2 39. Rb2 Nf3+ 40. Kg2
e4 41. Rb1 Bh6 42. gxf5 gxf5 43. Nd6 Nh4+ 44. Kg3 Bg5 45. Ne5 Be7 46. Ndc4 Kg7
47. Rb7 Re8 48. Nc6 Ng6 49. Nxe7 Rxe7 50. Rxe7+ Nxe7 51. Kf4 Kf6 52. Nd6 Ng6+
53. Kg3 h5 54. Ne8+ Kg5 55. Nd6 f4+ 56. exf4+ Nxf4 57. h4+ Kf6 58. Kxf4 Ke6 59.
Nxe4 Kd5 60. Nf6+ Kxd4 61. Nxh5 Kd3 62. Kf5 Ke2 63. f4 Kf2 64. Nf6 Kf3 65. h5
Kg3 66. h6 Kf3 67. h7 Ke3 68. h8=Q Kd4 69. Qh3 Kc4 70. Qe3 Kb5 71. Qc3 Ka4 72.
Nd5 Kb5 73. Ke6 Ka6 74. Qb3 Ka5 75. Qb4+ Ka6 76. Qb6# 1-0

[Event "Women's Speed Chess Q4"]
[Site "chess.com INT"]
[Date "2020.06.21"]
[Round "5"]
[White "Divya, Deshmukh"]
[Black "Girya, Olga"]
[Result "0-1"]
[WhiteTitle "WIM"]
[BlackTitle "WGM"]
[WhiteElo "2305"]
[BlackElo "2469"]
[WhiteFideId "35006916"]
[BlackFideId "4195752"]
[EventDate "2020.06.21"]

1. e4 c6 2. d4 d5 3. Nd2 dxe4 4. Nxe4 Nf6 5. Nxf6+ exf6 6. c3 Bd6 7. Bd3 O-O 8.
Ne2 Re8 9. O-O Nd7 10. Bf4 Nf8 11. Qd2 Qc7 12. Bxd6 Qxd6 13. Ng3 Qc7 14. Rfe1
Bd7 15. f4 Rad8 16. Qf2 b6 17. Rad1 Bg4 18. Rc1 Bc8 19. Bb1 Ng6 20. f5 Nf8 21.
Qf3 Qd7 22. Nh5 Qd6 23. h3 Re7 24. Rxe7 Qxe7 25. Rf1 Re8 26. Qxc6 Bb7 27. Qa4
Qe3+ 28. Rf2 Qc1+ 29. Rf1 Qe3+ 30. Rf2 Qc1+ 31. Rf1 Re1 32. Qc4 Qxb1 33. Nxf6+
gxf6 34. Rxe1 Qxe1+ 35. Kh2 Qf2 36. d5 Qxf5 37. d6 Qf2 38. Qg4+ Kh8 39. d7 Nxd7
40. h4 Qxg2+ 41. Qxg2 Bxg2 42. Kxg2 Kg7 43. Kf3 f5 44. Kf4 Kf6 45. h5 Ne5 46. b3
h6 47. c4 Ng4 48. b4 Nf2 49. Ke3 Nd1+ 50. Kf4 Nb2 51. c5 bxc5 52. b5 Nd3+ 53.
Ke3 Nb4 54. a4 Nd5+ 55. Kf3 Ke5 56. a5 c4 57. Ke2 c3 58. Kd3 f4 59. b6 axb6 60.
a6 Nc7 61. Kxc3 Nxa6 62. Kd3 b5 63. Ke2 b4 64. Kf2 b3 65. Kf3 b2 66. Kg4 0-1

[Event "Women's Speed Chess Q4"]
[Site "chess.com INT"]
[Date "2020.06.21"]
[Round "5"]
[White "Sharmin, Samiha Shimmi"]
[Black "Grigoryan, Meri"]
[Result "0-1"]
[WhiteTitle "WCM"]
[BlackTitle "WFM"]
[WhiteElo "1812"]
[BlackElo "2044"]
[WhiteFideId "10203087"]
[BlackFideId "13300571"]
[EventDate "2020.06.21"]

1. e4 e5 2. Nf3 Nc6 3. Bc4 Nf6 4. d3 Bc5 5. O-O O-O 6. a4 a6 7. c3 d6 8. Nbd2
Bg4 9. h3 Be6 10. Bxe6 fxe6 11. b4 Ba7 12. Re1 Ne7 13. Nf1 Ng6 14. Ra2 Nf4 15.
Ng3 Qe8 16. d4 exd4 17. cxd4 N6h5 18. Nxh5 Qxh5 19. Bxf4 Rxf4 20. Ra3 Raf8 21.
Rc3 c6 22. Ree3 Qg6 23. Rcd3 Rxe4 24. Rxe4 Qxe4 25. Re3 Qf5 26. Qb3 Re8 27. b5
axb5 28. axb5 cxb5 29. Qa3 Bb8 30. Qa8 Qf7 31. Rb3 e5 32. Rxb5 Bc7 33. Qxb7 exd4
34. Qd5 Qxd5 35. Rxd5 Kf7 36. Rxd4 Ke6 37. Ng5+ Ke5 38. Rd1 Rb8 39. Nxh7 Bd8 40.
h4 d5 41. Ng5 Bxg5 42. hxg5 d4 43. g3 Ke4 44. Kg2 d3 45. Re1+ Kd4 46. Kf3 d2 47.
Rd1 Kd3 48. Ra1 Rb3 49. Rd1 Kc2+ 50. Ke2 Rd3 51. f4 Rd7 52. Rg1 Re7+ 0-1

[Event "Women's Speed Chess Q4"]
[Site "chess.com INT"]
[Date "2020.06.21"]
[Round "5"]
[White "Sihite, Chelsie Monica Ignesias"]
[Black "Vaishali, R"]
[Result "0-1"]
[WhiteTitle "WIM"]
[BlackTitle "WGM"]
[WhiteElo "2252"]
[BlackElo "2393"]
[WhiteFideId "7101198"]
[BlackFideId "5091756"]
[EventDate "2020.06.21"]

1. c4 e5 2. Nf3 e4 3. Nd4 Nc6 4. Nc2 Nf6 5. g3 h5 6. h3 d5 7. cxd5 Qxd5 8. Nc3
Qa5 9. Bg2 Bf5 10. Ne3 Bg6 11. O-O h4 12. g4 O-O-O 13. Qa4 Qe5 14. f4 exf3 15.
exf3 Rd4 16. Qb5 Bd6 17. Qxe5 Bxe5 18. Ne2 Bd3 19. Nxd4 Nxd4 20. a4 Ne2+ 21. Kh1
Ng3+ 22. Kg1 Ne2+ 23. Kh1 Ng3+ 24. Kg1 Nxf1 25. Bxf1 Rd8 26. Ra3 Bh7 27. Bc4 Rd7
28. a5 a6 29. b4 g5 30. Rb3 c6 31. Kf2 Bg6 32. Ke2 Ng8 33. d3 Ne7 34. Nc2 f6 35.
Be3 Rd8 36. Be6+ Kb8 37. Na3 Nd5 38. Bxd5 Rxd5 39. Nc4 Bf7 40. Nxe5 Rxe5 41. Rc3
Kc7 42. Rc5 Re8 43. Kd2 Bd5 44. Ke2 Kd6 45. Kf2 Rf8 46. Rc2 Ke6 47. Bc5 Re8 48.
Re2+ Kf7 49. Rxe8 Kxe8 50. Ke3 Kf7 51. f4 Bg2 52. fxg5 fxg5 53. Bd6 Bxh3 54. Kf3
Bf1 55. d4 Bc4 56. Be5 Bd5+ 57. Kf2 Kg6 58. Bc7 Be6 59. Kf3 Bd7 60. Bd8 Be6 61.
Be7 Bc4 62. Bd8 Bg8 63. Be7 Bb3 64. Bd8 Bd1+ 65. Kg2 Bxg4 66. Kh2 Be6 67. Kg2
Kh5 68. Kf2 g4 69. Bc7 Bd5 70. Bf4 g3+ 71. Bxg3 hxg3+ 72. Kxg3 Kg5 0-1

[Event "Women's Speed Chess Q4"]
[Site "chess.com INT"]
[Date "2020.06.21"]
[Round "5"]
[White "Bogumil, Tatiana"]
[Black "Petrova, Irina"]
[Result "1/2-1/2"]
[WhiteTitle "WGM"]
[BlackTitle "WIM"]
[WhiteElo "2182"]
[BlackElo "2087"]
[WhiteFideId "4110579"]
[BlackFideId "14124122"]
[EventDate "2020.06.21"]

1. Nf3 d6 2. d4 g6 3. c4 Bg7 4. Nc3 Nd7 5. e4 e5 6. Be2 exd4 7. Nxd4 Ne7 8. O-O
O-O 9. Bg5 h6 10. Be3 Nc6 11. Nxc6 bxc6 12. Qd2 Kh7 13. Rad1 Qe7 14. Bd4 Nf6 15.
f3 Be6 16. b3 c5 17. Bf2 Nh5 18. g3 Nf6 19. Rfe1 Nd7 20. Bf1 Qf6 21. Re3 Ne5 22.
Bg2 Rae8 23. Nd5 Bxd5 24. Qxd5 h5 25. h3 Bh6 26. f4 Nd7 27. h4 Qb2 28. Qd2 Qxd2
29. Rxd2 Nf6 30. Bf3 Bg7 31. Rde2 Ng4 32. Bxg4 hxg4 33. e5 dxe5 34. fxe5 Rd8 35.
Re4 Rfe8 36. Bxc5 a6 37. Kg2 Rd3 38. Bf2 Red8 39. Rxg4 Rd2 40. Rge4 Rxe2 41.
Rxe2 Re8 42. Bd4 Rd8 43. Bb2 Rd3 44. Kf2 Kg8 45. Bc1 Kf8 46. Bf4 Ke7 47. Rd2
Rxd2+ 48. Bxd2 Bxe5 49. Kf3 Ke6 50. Be3 c6 51. g4 f5 52. gxf5+ Kxf5 53. Bg5 Bd4
54. Bd8 Bc3 55. Bg5 Bd4 56. a4 Bc5 57. Bd2 Be7 58. b4 Bxh4 59. b5 cxb5 60. cxb5
axb5 61. axb5 Bd8 62. Be3 g5 63. b6 g4+ 64. Kg2 Be7 65. b7 Bd6 66. Ba7 Ke4 67.
b8=Q Bxb8 68. Bxb8 Kf5 69. Kg3 Kg6 70. Bf4 Kf5 71. Bd6 Ke6 72. Kxg4 1/2-1/2

[Event "Women's Speed Chess Q4"]
[Site "chess.com INT"]
[Date "2020.06.21"]
[Round "5"]
[White "Sapale, Saloni"]
[Black "Kanyamarala, Trisha"]
[Result "0-1"]
[WhiteTitle "WIM"]
[BlackTitle "WIM"]
[WhiteElo "2147"]
[BlackElo "2193"]
[WhiteFideId "5085527"]
[BlackFideId "45004722"]
[EventDate "2020.06.21"]

1. e4 c5 2. Nf3 d6 3. d4 cxd4 4. Nxd4 Nf6 5. Nc3 Nc6 6. Bg5 e6 7. f3 a6 8. Qd2
Bd7 9. O-O-O b5 10. Nxc6 Bxc6 11. Ne2 Be7 12. Nd4 Bb7 13. Be3 d5 14. e5 Nd7 15.
f4 Nc5 16. Bd3 Nxd3+ 17. Qxd3 Qa5 18. Kb1 O-O 19. f5 exf5 20. Nxf5 Rfe8 21. Bd4
Bc8 22. Ne3 Be6 23. Rhf1 Rac8 24. Nf5 Qa4 25. b3 Qb4 26. Rf4 Qa5 27. Rdf1 Qc7
28. c3 b4 29. Qg3 Bxf5+ 30. Rxf5 bxc3 31. Kc2 Qa5 32. a4 Rf8 33. R1f3 Qb4 34. e6
Qxd4 35. Rd3 Qe4 36. Re5 Qg6 37. exf7+ Rxf7 38. Qh3 Rf2+ 39. Kc1 Bg5+ 40. Rxg5
Qxg5+ 41. Re3 Rcf8 42. Qe6+ Kh8 43. Kd1 Rf1+ 44. Kc2 d4 45. Rd3 Qf5 46. Qxf5
R8xf5 47. Rxd4 Rf8 48. Kxc3 R1f2 49. Rg4 h6 50. Kb4 R2f6 51. Ka5 Rb8 52. b4 Rb7
53. b5 axb5 54. axb5 Rf5 55. Rb4 Ra7+ 56. Kb6 Rff7 57. Kc6 Rfc7+ 58. Kd6 Rab7
59. b6 Rc1 60. Rb2 Kg8 61. Ke6 Kf8 62. Rf2+ Ke8 63. Rb2 Rc6+ 64. Kd5 Rcxb6 65.
Re2+ Re7 66. Kc5 Rxe2 67. Kxb6 Rxg2 0-1

[Event "Women's Speed Chess Q4"]
[Site "chess.com INT"]
[Date "2020.06.21"]
[Round "5"]
[White "Batsiashvili, Nino"]
[Black "Shuvalova, Polina"]
[Result "1/2-1/2"]
[WhiteTitle "GM"]
[BlackTitle "WGM"]
[WhiteElo "2457"]
[BlackElo "2454"]
[WhiteFideId "13602993"]
[BlackFideId "24171760"]
[EventDate "2020.06.21"]

1. d4 Nf6 2. Nf3 e6 3. Bf4 d5 4. Nbd2 Bd6 5. Bg5 O-O 6. e4 dxe4 7. Nxe4 Be7 8.
Bxf6 Bxf6 9. Bd3 b6 10. c3 Bb7 11. Qe2 Nd7 12. O-O-O Be7 13. h4 Re8 14. Nfg5 Nf8
15. f4 Qd5 16. Kb1 Red8 17. h5 h6 18. Nf3 c5 19. dxc5 bxc5 20. Bc2 Qc6 21. Ne5
Qc7 22. g4 Rxd1+ 23. Rxd1 Rd8 24. Rg1 Nd7 25. Nxd7 Rxd7 26. Qe3 c4 27. g5 hxg5
28. fxg5 Qb6 29. Qxb6 axb6 30. h6 gxh6 31. gxh6+ Kh8 32. a4 Rd8 33. Rf1 f5 34.
Ng3 Kh7 35. Re1 Bd6 36. Nf1 Bd5 37. Ne3 Kxh6 38. Nxd5 exd5 39. Bxf5 Kg5 40. Bc2
Bc5 41. Rf1 Rd6 42. Rf5+ Kg4 43. Rf7 Kg3 44. Bf5 Be3 45. Kc2 Bf4 46. Bc8 Kf3 47.
Bb7 Ke3 48. Rf5 d4 49. cxd4 Rxd4 50. Rb5 Ke2 51. Rxb6 Be3 52. Re6 Rd2+ 53. Kc3
Rd7 54. Bc6 Rc7 55. Bb5 Rc8 56. Bxc4+ Kf2 57. b4 Rd8 58. b5 Bd2+ 59. Kb3 Rb8 60.
b6 Ba5 61. Rf6+ Ke3 62. Re6+ Kd4 63. Rd6+ Ke3 64. Bb5 Rxb6 65. Rd3+ Ke4 66. Kc4
Ke5 67. Rd5+ Ke6 68. Kc5 Rb8 69. Rh5 Ke7 70. Kc6 Rc8+ 71. Kb7 Rc1 72. Rd5 Ke6
73. Rd3 Be1 74. Ka6 Ke5 75. Re3+ Kd4 76. Re6 Kc3 77. Rc6+ Kd2 78. Rd6+ Ke3 79.
a5 Bxa5 80. Kxa5 Rc5 81. Kb6 Re5 82. Kc6 Kf4 83. Bc4 Re3 84. Bd5 Rc3+ 85. Kd7
Ra3 86. Rf6+ Ke5 87. Re6+ Kxd5 88. Rb6 Kc5 89. Rc6+ Kb5 90. Rh6 Ra7+ 91. Kc8 Kc5
92. Rh5+ Kd6 93. Rh6+ Ke5 94. Rh5+ Kf4 95. Rh4+ Kg5 96. Rb4 Rf7 97. Rb7 Rf6 98.
Rd7 Rc6+ 99. Rc7 Rxc7+ 100. Kxc7 1/2-1/2